书目信息 |
| 题名: |
放电等离子体基础及应用
|
|
| 作者: | 李兴文 , 吴坚 , 贾申利 著 | |
| 分册: | ||
| 出版信息: | 北京 科学出版社 2017.02 |
|
| 页数: | 330页 | |
| 开本: | 24cm | |
| 丛书名: | 气体放电与等离子体及其应用著作丛书 | |
| 单 册: | ||
| 中图分类: | O53 | |
| 科图分类: | ||
| 主题词: | 放电--等离子体--研究 | |
| 电子资源: | ||
| ISBN: | 978-7-03-051709-8 | |
| 000 | 01084oam2 2200265 450 | |
| 001 | 4399 | |
| 005 | 20181011113612.85 | |
| 010 | @a978-7-03-051709-8@dCNY120.00 | |
| 100 | @a20170905d2017 em y0chiy50 ea | |
| 101 | 0 | @achi |
| 102 | @aCN@b110000 | |
| 105 | @aa z 000yy | |
| 200 | 1 | @a放电等离子体基础及应用@9fang dian deng li zi ti ji chu ji ying yong@f李兴文,吴坚,贾申利著 |
| 210 | @a北京@c科学出版社@d2017.02 | |
| 215 | @a330页@c图@d24cm | |
| 225 | 1 | @a气体放电与等离子体及其应用著作丛书 |
| 330 | @a本书系统介绍等离子体的物理基础、实验技术以及一些典型的应用。全书共6章,第1章介绍等离子体的物理基础;第2章介绍等离子体实验诊断技术;第3~6章分别针对不同的放电等离子体对象进行介绍,其中,第3章为Z箍缩等离子体,第4章为激光诱导等离子体,第5章为毛细管放电等离子体,第6章为气体电弧等离子体。 | |
| 461 | 0 | @12001 @a气体放电与等离子体及其应用著作丛书 |
| 606 | 0 | @a放电@x等离子体@x研究 |
| 690 | @aO53@v5 | |
| 701 | 0 | @a李兴文@9li xing wen@4著 |
| 701 | 0 | @a吴坚@9wu jian@4著 |
| 701 | 0 | @a贾申利@9jia shen li@4著 |
| 801 | 0 | @aCN@b91MARC@c20170905 |
| 905 | @aMuseLib@dO53@e12 | |
| 放电等离子体基础及应用/李兴文,吴坚,贾申利著.-北京:科学出版社,2017.02 |
| 330页:图;24cm.-(气体放电与等离子体及其应用著作丛书) |
| ISBN 978-7-03-051709-8:CNY120.00 |
| 本书系统介绍等离子体的物理基础、实验技术以及一些典型的应用。全书共6章,第1章介绍等离子体的物理基础;第2章介绍等离子体实验诊断技术;第3~6章分别针对不同的放电等离子体对象进行介绍,其中,第3章为Z箍缩等离子体,第4章为激光诱导等离子体,第5章为毛细管放电等离子体,第6章为气体电弧等离子体。 |
| ● |
| 相关链接 |
|
|
|
|
正题名:放电等离子体基础及应用
索取号:O53/12
 
预约/预借
| 序号 | 登录号 | 条形码 | 馆藏地/架位号 | 状态 | 备注 |
| 1 | 1124942 | 211249424 | 第二样本阅览室/ [索取号:O53/12] | 在馆 | |
| 2 | 1124943 | 211249433 | 第三借阅区/ [索取号:O53/12] | 在馆 | |
| 3 | 1124944 | 211249442 | 密集书库-物理学院/ [索取号:O53/12] | 在馆 |